000 01049nam a2200253Ia 4500
003 PE SENCICO BE
005 20251020182537.0
008 200515s9999 xx 000 0 und d
020 _a978-84-15829-69-0
040 _aPE SENCICO BE
_cPE SENCICO BE
041 _aeng
_aspa
082 _a728
_bH
245 1 0 _aHouses out of the city = segundas residencias /
_cJosep María Minguet [editor y director]
260 _aBarcelona:
_bMonsa,
_c2014
300 _a141 p.:
_bil. col., fotog. col.,
_c23 cm.
500 _aTexto en idioma inglés y español.
520 _aLas segundas residencias son aquellas por sus características y ubicación se utilizan como vivienda temporal. Habitualmente están situadas fuera de la ciudad, para así poder disfrutar de un entorno tranquilo en contacto con la naturaleza
650 1 0 _aCasas de campo
_9190
650 2 0 _aArquitectura moderna
_9191
650 2 0 _aViviendas rurales
_9192
700 1 _9193
_aMinguet, José María
_eeditor
942 _cLIB
_2ddc
_h728
_iH
999 _c2271
_d2271